| 000 | 00989cam a2200301 i 4500 | ||
|---|---|---|---|
| 999 |
_c200459562 _d77774 |
||
| 003 | TR-AnTOB | ||
| 005 | 20240129162641.0 | ||
| 007 | ta | ||
| 008 | 240129s2023 tu d 001 0 tur d | ||
| 020 | _a9786258136920 | ||
| 040 |
_aTVK _beng _erda _cTVK _dTR-AnTOB |
||
| 041 | 0 | _atur | |
| 050 | 4 |
_aKKX494.31926.A6 _bG8846 2023 |
|
| 090 |
_aKKX494.31926.A6 _bG8846 2023 |
||
| 100 | 1 |
_aGüven, Kudret _eauthor _961200 |
|
| 245 | 1 | 0 |
_aİsviçre medeni kanunu’ndaki son gelişmeler : _b(açıklamalı - yorumlu - karşılaştırmalı) / _cProf. Dr. Kudret Güven. |
| 250 | _a1. Baskı | ||
| 264 | 1 |
_aAnkara : _bSavaş Yayınevi, _c2023. |
|
| 300 |
_axxxii, 1381 pages : _btables ; _c26 cm |
||
| 336 |
_atext _btxt _2rdacontent |
||
| 337 |
_aunmediated _bn _2rdamedia |
||
| 338 |
_avolume _bnc _2rdacarrier |
||
| 504 | _aBIBINDX | ||
| 650 | 7 |
_aMedeni hukuk _zTürkiye _2etuturkob _97805 |
|
| 650 | 7 |
_aMedeni hukuk _zİsviçre _2etuturkob _962541 |
|
| 942 |
_2lcc _cBK |
||